Quizzes
Events
Quiz Creation
Community
Videos
Private Events
Remove Ads
Sign In
Join for FREE
Feedback
Dark Mode
Quiz Categories
Sports
Geography
Music
Movies
Television
Just For Fun
Miscellaneous
History
Literature
Language
Science
Gaming
Entertainment
Religion
Holiday
For Kids
Quiz Lab
Recent
Popular Today
Quiz Kudos Today
Editor Picks
Curator Picks
Quizzes by...
Day
Popularity
Type
Ratings
Length
Year
Community
Subscriptions
Recent Discussions
Orange Saloon
Badges
Playlists
Quests
Create
Leaderboards
Showdown
Live 5
Trivia Bingo
Activity
Puzzle Library
Sporcle Events
Private Events
Virtual Trivia
Globe League
Become a Host
Pub Owners
SporcleCon
Opinionation
Our Games
Videos
Blog
Mobile Apps
Partnerships
Remove Ads and Go Orange
Feedback
Miscellaneous
Crossword
General Knowledge
Baby Names
Logo
Food
Cars
Numbers
Grab Bag
University
College
Popular
Company
Slogans
Restaurants
Justice
Letter
Miscellaneous
Crossword
General Knowledge
Baby Names
Logo
Food
Cars
Numbers
Grab Bag
University
College
Popular
Company
Slogans
Restaurants
Justice
Letter
Random Quiz
Search Sporcle
×
Quiz Lab
Quiz Lab
Miscellaneous
challenge
Type in answers that appear in a list
Type in answers that appear in a list
Classic
Best Score? Go Orange.
Foursome sets - challenging Stats
Can you name the foursome sets - challenging?
By
mystic1234
15m
96 Questions
590 Plays
590 Plays
590 Plays
Comments
Comments
Give Quiz Kudos
Give Quiz Kudos
-
- Ratings
hide this ad
Replay
Link that replays current quiz
Next Quiz
Link to next quiz in quiz playlist
You Got
0%
They Got
Avg Score
35%
Avg Friend Score
Upgrade to see
Score Distribution
Jump to the score distribution portion of the page
Score
0/96
Timer
15:00
0
Plays Today
Word
Answer
% Correct
Column 1
pac-man ghosts
79.7%
Column 2
pac-man ghosts
79.7%
Column 3
pac-man ghosts
79.7%
Column 4
pac-man ghosts
79.7%
Column 1
conic sections
75.6%
Column 2
conic sections
75.6%
Column 3
conic sections
75.6%
Column 4
conic sections
75.6%
Column 1
spice girls
64.7%
Column 2
spice girls
64.7%
Column 3
spice girls
64.7%
Column 4
spice girls
64.7%
Column 1
bible kings
54.6%
Column 2
bible kings
54.6%
Column 3
bible kings
54.6%
Column 4
bible kings
54.6%
Column 1
monopoly tokens
49.8%
Column 2
monopoly tokens
49.8%
Column 3
monopoly tokens
49.8%
Column 4
monopoly tokens
49.8%
Column 1
austrian cities
46.6%
Column 1
indian tribes
46.6%
Column 2
indian tribes
46.6%
Column 2
austrian cities
46.6%
Column 3
austrian cities
46.6%
Column 3
indian tribes
46.6%
Column 4
austrian cities
46.6%
Column 4
indian tribes
46.6%
Column 1
tempo indicators
45.9%
Column 2
tempo indicators
45.9%
Column 3
tempo indicators
45.9%
Column 4
tempo indicators
45.9%
Word
Answer
% Correct
Column 1
german days
44.7%
Column 2
german days
44.7%
Column 3
german days
44.7%
Column 4
german days
44.7%
Column 1
spices
37.8%
Column 2
spices
37.8%
Column 3
spices
37.8%
Column 4
spices
37.8%
Column 1
explorers
36.1%
Column 2
explorers
36.1%
Column 3
explorers
36.1%
Column 4
explorers
36.1%
Column 1
us national parks
31.7%
Column 2
us national parks
31.7%
Column 3
us national parks
31.7%
Column 4
us national parks
31.7%
Column 1
phonetic obstructions
30.3%
Column 2
phonetic obstructions
30.3%
Column 3
phonetic obstructions
30.3%
Column 4
phonetic obstructions
30.3%
Column 1
spanish rooms
30.2%
Column 2
spanish rooms
30.2%
Column 3
spanish rooms
30.2%
Column 4
spanish rooms
30.2%
Column 1
classic actors
26.4%
Column 2
classic actors
26.4%
Column 3
classic actors
26.4%
Column 4
classic actors
26.4%
Column 1
pinks
25.1%
Column 2
pinks
25.1%
Column 3
pinks
25.1%
Column 4
pinks
25.1%
Word
Answer
% Correct
Column 1
constellations
20%
Column 2
constellations
20%
Column 3
constellations
20%
Column 4
constellations
20%
Column 1
flowers
18.8%
Column 2
flowers
18.8%
Column 3
flowers
18.8%
Column 4
flowers
18.8%
Column 1
swing steps
15.8%
Column 1
pastas
15.8%
Column 2
pastas
15.8%
Column 2
swing steps
15.8%
Column 3
pastas
15.8%
Column 3
swing steps
15.8%
Column 4
swing steps
15.8%
Column 4
pastas
15.8%
Column 1
yoga poses
14.4%
Column 2
yoga poses
14.4%
Column 3
yoga poses
14.4%
Column 4
yoga poses
14.4%
Column 1
publishers
13.4%
Column 1
heart singles
13.4%
Column 2
heart singles
13.4%
Column 2
publishers
13.4%
Column 3
heart singles
13.4%
Column 3
publishers
13.4%
Column 4
publishers
13.4%
Column 4
heart singles
13.4%
Column 1
pinochle meld
11.5%
Column 2
pinochle meld
11.5%
Column 3
pinochle meld
11.5%
Column 4
pinochle meld
11.5%
Quiz Playlist
Details
Report
Send in Message
Add To Playlist
Classic:
Type in answers that appear in a list
Last Updated: Feb 16, 2017
Quiz Scoreboard
CHALLENGE
Sign Up to Join the Scoreboard
Show All
Scores
Hide
Comments
May contain spoilers
Recently Published
1-10 Letter E Words III
by El_Dandy
Language
2m
One Thing in Common: World Cities II
by knightlancer
Geography
7m
Popular People in 1961
by mucciniale
History
6m
More to Explore
Quiz From the Vault
Featured Blog Post
Where Did the Easter Bunny Come From?
hide this ad
You Might Also Like...
Tags
Category
challenge
foursome
set
Today's Top Quizzes in Miscellaneous
Browse Miscellaneous
hide this ad
Today's Top Quizzes in challenge
Browse challenge
Top Contributed Quizzes in Miscellaneous
1
The JOE quick-fire general knowledge quiz: Day 173
2
The JOE quick-fire general knowledge quiz: Day 172
3
Sunday Crossword: Famous Bodies of Water
4
Named After an Animal - Odd One Out!
5
sort kpop groups by number of members
6
One Thing in Common: United Kingdom II
7
The JOE quick-fire general knowledge quiz: Day 171
8
Lays Potato Chip Flavour Contest Finalists
9
The JOE quick-fire quiz: Day 170
10
Sunday Crossword: Themeless #5
Explore More
Trending Topics
Harry Potter
Disney
Anime
NBA
Marvel
Crossword
Kpop
Country
Song
Pokémon
The Office
WWE
Soccer
Puzzle
NFL
hide this ad
More By:
mystic1234
Quiz
Plays
Rating
Category
Featured
Created
foursome sets - challenging
590
3.63
Miscellaneous
May 23, 2010
Go to Creator's Profile
Score Distribution
Quiz Creator Spotlight
mystic1234
Follow
Send a Message
Quizzes Created
-
Created Quiz Play Count
-
More By This Creator
Popular Quizzes Today
1
Find the US States - No Outlines Minefield
2
The Countries of the World
3
Find the Countries of Europe - No Outlines Minefield
4
Popular People in 1961
5
1-10 Letter E Words III
6
Find the US States
7
One Thing in Common: World Cities II
8
US States
More Miscellaneous Quizzes
Find That LEGO Item!
Editor's Pick
Trending Quizzes
Risky Map Clicking: Least Populous States A-Z
1-10 Letter F Words
1-10 Letter G Words
One Thing in Common: United Kingdom
Risky Map Clicking: Next State Alphabetically
Recently Updated
Leaping Animals
pecheneg
Reality TV Shows (A-Z)
bhenderson79
Rickey Henderson's Hall of Fame Teammates
pecheneg
Champions League XIs: Arsenal
pecheneg
Quick Pick: Celebrities in WWE's Hall of Fame
aduchscher
A-Z Keypad Blitz II
pecheneg
Multiple Oscar Actors
pecheneg
Mystery Phrase Blitz: Oscar 'Best Actors'
pecheneg
F. Scott Fitzgerald Novels
LTH
Pick 3 Villains
ddd62291
Trending Topics
Kpop
Disney
Anime
Marvel
NBA
Harry Potter
Crossword
Pokémon
WWE
Country
The Office
Puzzle
Soccer
NFL
Song
Your Account Isn't Verified!
In order to create a playlist on Sporcle, you need to verify the email address you used during registration. Go to your
Sporcle Settings
to finish the process.
Report this User
Report this user for behavior that violates our
Community Guidelines
.
Details:
Send Report
Go to the Sporcle.com Mobile Site →
Comments